000 00528nam a2200181Ia 4500
003 GCL
008 140319s9999 xx 000 0 ara d
040 _aGCL /
_cGCL
082 0 4 _a398.941
_bن ا
100 1 _aنعوم شقير
245 1 0 _aامثال العوام فى مصر والسودان والشام /
_cنعوم شقير
300 _a303 ص
490 _aكتاب
_v0
650 0 4 _aالامثال العامية العربية
650 0 4 _aالادب الشعبى
650 0 4 _aالامثال
942 _2ddc
_cBK
999 _c42120
_d42120